00439 2200181 4500001002100000005001500021035002000036008004100056245003300097100001800130250000600148260004400154300001100198084001400209082000800223650001400231990001200245INLIS00000000000021920240502022953 a0010-0424000195240502 0 ind 1 aSafari Awan /cAbdillah A. H aAbdillah A. H a1 aSurakarta :bMedia Cipta Pustaka,c2011 a76 hlm a600 ABD s a600 4aNon Fiksi a0732435